| 000 | 01239cam a2200337 i 4500 | ||
|---|---|---|---|
| 001 | 24671 | ||
| 003 | BD-RjUL | ||
| 005 | 20211209001101.0 | ||
| 008 | 150730r19601926-u b 001 0 eng | ||
| 035 | _a(BD-RjUL)24740 | ||
| 040 |
_aDLC _beng _cDLC _erda _dBD-RjUL |
||
| 041 | 1 |
_aeng _agrc _hgrc |
|
| 082 | 0 | 0 |
_a937 _223 _bPOP V-5 1960 |
| 100 | 0 |
_aPolybius. _975931 |
|
| 245 | 1 | 4 |
_aPolybius : _bthe histories / _cPolybius ; With an English translation by W. R. Paton. _nV-5 |
| 260 |
_aLondon : _bWilliam Heinemann ltd.; _aCambridge, Mass.: _bHarvard University Press.; _cc1926 _c [Reprinting 1960] |
||
| 300 |
_a536+8 p. ; _c17 cm. |
||
| 490 | 0 |
_aLOEB CLASSICAL LIBRARY ; _v 160 |
|
| 500 | _a"In Six Volumes" | ||
| 504 | _aIncludes bibliographical references and indexes. | ||
| 505 | 0 | _aContents Of Volume V: Book XVI - Book XXVII | |
| 650 | 0 |
_aHistory, Ancient. _975932 |
|
| 651 | 0 |
_aRome _xHistory _yRepublic, 510-30 B.C. _974857 |
|
| 651 | 0 |
_aGreece _xHistory _y146 B.C.-323 A.D. _975105 |
|
| 651 | 0 |
_aGreece _xHistory _yTo 146 B.C. _975106 |
|
| 700 | 1 |
_aPaton, W. R. _q(William Roger), tr. _d1857-1921. _975869 |
|
| 830 |
_aLOEB CLASSICAL LIBRARY ; _v 160 _9117241 |
||
| 942 |
_2ddc _cBK |
||
| 999 |
_c24671 _d24671 |
||